Analytické a normatívne vlastnícke právo v kontexte učenia scholastiky

Chápanie inštitútu súkromného vlastníctva v období scholastiky. Scholastické učenie predstavuje smer vývoja a formovania ekonomického myslenia v stredoveku. Toto učenie nie je ešte vedecky zosystematizované ako môžeme pozorovať napr. u Adama Smitha a klasickej školy ekonómie. Zato však podáva východ...

Celý popis

Uložené v:
Podrobná bibliografia
Hlavný autor: Vongrej, Marián
Médium: Kapitola
Jazyk:Slovak
Predmet:
Tagy: Pridať tag
Žiadne tagy, Buďte prvý, kto otaguje tento záznam!

MARC

LEADER 00000nla a2200000 4500
001 0200489
005 20240502073405.5
041 0 |a slo 
044 |a SK 
245 1 0 |a Analytické a normatívne vlastnícke právo v kontexte učenia scholastiky  |c Marián Vongrej 
520 |a Chápanie inštitútu súkromného vlastníctva v období scholastiky. Scholastické učenie predstavuje smer vývoja a formovania ekonomického myslenia v stredoveku. Toto učenie nie je ešte vedecky zosystematizované ako môžeme pozorovať napr. u Adama Smitha a klasickej školy ekonómie. Zato však podáva východiská pre širšie chápania vtedajšieho nazerania na ekonomické problémy a tvorí východisko pre ďalší vývoj ekonomického myslenia. Na inštitút súkromného vlastníctva sa dá nazerať rôznymi spôsobmi a v priebehu hospodárskych dejín môžeme vidieť rôzne polemiky ohľadom využívania súkromného vlastníctva, od ľavicovo orientovaného politickoekonomického spektra, až po liberálne zameraných prívržencov. 
610 2 0 |a teórie ekonomické 
610 2 0 |a myslenie ekonomické 
610 2 0 |a vlastníctvo súkromné 
610 2 0 |a právo 
100 1 |a Vongrej, Marián